000
00310nam a22001337a 4500
008
171016b xxu||||| |||| 00| 0 eng d
020
_a
0582282705
041
_a
eng
080
_a
33
100
_a
52
101
_a
EKO
245
_a
AMERICA IN A CHANGING WORLD POLITICAL ECONOMY
_c
AVERY,W.P
942
_2
udc
_c
BK
999
_c
34063
_d
34063